000 00472nam a2200181Ia 4500
001 1728
005 20260306143749.0
008 260306t2012||||xx |||||||||||||| ||spa||
041 _aESP
082 _a155.25
_bLL732
100 _aLlavona Uribelarrea, Luis María
_eAUT
245 0 _aManual del psicólogo de familia:
_bun nuevo perfil profesional
260 _c2012
300 _a456 páginas :
_c24 cm.
650 _aGEN
654 _aCPS
942 _cLIB
_dJUS
_fJUS
_2ddc
_n
999 _c1728
_d1728